|
|
|
|
| LEADER |
00000cam a2200000 a 4500 |
| 001 |
73773 |
| 003 |
CZ-ZlUTB |
| 005 |
20251006170557.0 |
| 006 |
m d |
| 007 |
cr un |
| 008 |
080221s2002 maua sb 001 0 eng d |
| 020 |
|
|
|a 9780080513010
|q (ebook)
|
| 035 |
|
|
|a (OCoLC)194019806
|
| 040 |
|
|
|a BUF
|b eng
|c BUF
|d KNOVL
|d IDEBK
|d OCLCQ
|d KNOVL
|d ZCU
|d OCLCF
|d KNOVL
|
| 100 |
1 |
|
|a Ellis, George
|q (George H.)
|
| 245 |
1 |
0 |
|a Observers in control systems
|h [elektronický zdroj] :
|b a practical guide /
|c George Ellis.
|
| 260 |
|
|
|a San Diego, CA :
|b Academic Press,
|c c2002.
|
| 300 |
|
|
|a 1 online zdroj (xiv, 259 p.) :
|b ill. : digital, HTML and PDF files.
|
| 504 |
|
|
|a Includes bibliographical references and index.
|
| 588 |
|
|
|a Description based on print version record.
|
| 506 |
|
|
|a Plný text je dostupný pouze z IP adres počítačů Univerzity Tomáše Bati ve Zlíně nebo vzdáleným přístupem pro zaměstnance a studenty univerzity
|
| 650 |
|
0 |
|a Observers (Control theory)
|
| 655 |
|
7 |
|a elektronické knihy
|7 fd186907
|2 czenas
|
| 655 |
|
9 |
|a electronic books
|2 eczenas
|
| 776 |
0 |
8 |
|i Print version:
|a Ellis, George (George H.).
|t Observers in control systems.
|d San Diego, CA : Academic Press, c2002
|z 012237472X
|w (OCoLC)50867496
|
| 856 |
4 |
0 |
|u https://proxy.k.utb.cz/login?url=http://app.knovel.com/web/toc.v/cid:kpOCSAPG01
|
| 992 |
|
|
|a BK
|c KNOVEL
|
| 999 |
|
|
|c 73773
|d 73773
|
| 993 |
|
|
|x NEPOSILAT
|y EIZ
|